| 000 | 00000nam##2200000za#4500 |
| 001 | 9.698583 |
| 003 | CaOODSP |
| 005 | 20210927150511 |
| 007 | cr ||||||||||| |
| 008 | 150407|2011||||xxc|||||o f|0| 0 eng|d |
| 040 | |aCaOODSP|beng |
| 043 | |an-cn--- |
| 086 | 1 |aR5-13/2011E-PDF |
| 110 | 1 |aCanada. |bIndian and Northern Affairs Canada. |
| 245 | 10|aAboriginal Auditor General : |h[electronic resource]|bdiscussion paper prepared for AANDC Audit Committee, June 2011 |
| 260 | |aOttawa - Ontario : |bIndian and Northern Affairs |cJune 2011. |
| 300 | |a20p.|bcoloured figs., references |
| 590 | |a13-28-Supp|b2013-12-09 |
| 775 | 08|tVérificateur général des affaires autochtones : |w(CaOODSP)9.642590 |
| 856 | 40|ahttp://publications.gc.ca|qPDF|s238 KB|uhttps://publications.gc.ca/collections/collection_2013/aadnc-aandc/R5-13-2011-eng.pdf |